| 000 | 00561nam a2200205 a 4500 | ||
|---|---|---|---|
| 005 | 20250620063853.0 | ||
| 008 | 041011s1995 mx r 000 0 spa d | ||
| 020 | _a8424506901 | ||
| 035 | _aUPN01000135536 | ||
| 049 | _aCG | ||
| 050 | 4 |
_aBF173 _bV3.6 |
|
| 100 | 1 | _aValiente Gómez, Daniel | |
| 245 | 1 | 0 |
_aPsicodrama y psicoanálisis / _cDaniel Valiente Gómez. |
| 260 |
_aMadrid : _bFundamentos, _c1995. |
||
| 300 | _a178 p. | ||
| 440 | 0 |
_aCiencia. _pPsocología; _v197 |
|
| 650 | 4 |
_aPsicoanálisis _91572 |
|
| 650 | 2 |
_aPsicodrama _915884 |
|
| 905 | _aLibro | ||
| 999 |
_c107687 _d107687 |
||